Państwa - założyciele NATO - Statystyki

Ogólne statystyki
  • Ten quiz został rozwiązany 13 razy
  • Średni wynik to 10 z 12
Statystyki odpowiedzi
Odpowiedź % Poprawnych
Francja
100%
USA
100%
Kanada
92%
Wielka Brytania
85%
Włochy
85%
Belgia
77%
Holandia
77%
Luksemburg
77%
Portugalia
77%
Norwegia
69%
Dania
62%
Islandia
62%
Nie znaleziono quizów pasujących do podanych kryteriów
Rozkład punktacji
Procent ludzi z każdym wynikiem
Percentyl według liczby udzielonych odpowiedzi
Twoja historia wyników
Nie rozwiązałeś tego quizu